000 00558nam a2200205Ia 4500
003 OSt
005 20240610164137.0
008 210210b1953 xxu||||| |||| 00| 0 eng d
040 _cAL
041 _aHindi
082 _a869/287
100 _aSHASTRI (Chatursen Acharya)
_dआचार्य चतुरसेन शास्त्री
_9169954
245 _aAtmadah
_bआत्मदाह
260 _aDelhi
_b-
_c1953
650 _adAh
_9169955
650 _aAtma
_9169956
690 _aHindi Fiction
_9169957
906 _a024086
942 _2ddc
_cBK
999 _c149048
_d149048